[Event "30th ch-BAN"]
[Site "Dhaka BAN"]
[Date "2004.03.28"]
[Round "1"]
[White "Murshed,N"]
[Black "Chatterjee,D"]
[Result "1-0"]
[WhiteElo "2436"]
[BlackElo "2175"]
[EventDate "2004.03.28"]

1. d4 g6 2. e4 Bg7 3. Nf3 d6 4. c3 Nf6 5. Bd3 Nbd7 6. O-O e5 7. Re1 O-O 8.
Na3 c6 9. Bg5 Qc7 10. Qd2 Re8 11. Bh6 a6 12. Bc2 b5 13. Rad1 c5 14. Bb1
exd4 15. cxd4 Bb7 16. Bxg7 Kxg7 17. d5 Ne5 18. Nxe5 dxe5 19. Nc2 Rad8 20.
Ne3 Rd6 21. Rc1 Rc8 22. b3 Qb6 23. Qc3 Nd7 24. Bd3 Re8 25. a4 f6 26. Qc2
Rc8 27. Qe2 c4 28. Bxc4 bxc4 29. Nxc4 1-0

[Event "30th ch-BAN"]
[Site "Dhaka BAN"]
[Date "2004.03.28"]
[Round "1"]
[White "Abdul,Mal"]
[Black "Mohammad,J"]
[Result "1/2-1/2"]
[WhiteElo "2250"]
[BlackElo "2150"]
[EventDate "2004.03.28"]

1. d4 d5 2. Nf3 Nf6 3. c4 e6 4. Nc3 Bb4 5. Bd2 c5 6. dxc5 Bxc5 7. e3 Nc6 8.
cxd5 exd5 9. Bb5 O-O 10. O-O Bg4 11. Na4 Bd6 12. h3 Bh5 13. Rc1 Rc8 14. Bc3
Ne4 15. Bxc6 Rxc6 16. Qd4 Rxc3 17. Nxc3 Bxf3 18. gxf3 Qg5+ 19. Kh1 Qh5 20.
Kg2 Qg5+ 21. Kh1 Qf5 1/2-1/2

[Event "30th ch-BAN"]
[Site "Dhaka BAN"]
[Date "2004.03.28"]
[Round "1"]
[White "Hasan,M"]
[Black "Hossain,P"]
[Result "1-0"]
[WhiteElo "2224"]
[BlackElo "2258"]
[EventDate "2004.03.28"]

1. e4 c5 2. Nf3 Nc6 3. Bb5 d6 4. c3 Nf6 5. d3 g6 6. O-O Bg7 7. h3 O-O 8.
Bg5 a6 9. Ba4 Bd7 10. Bb3 b5 11. Qc1 Ne5 12. Nxe5 dxe5 13. Qe3 Rc8 14. Nd2
Rc6 15. Nf3 c4 16. dxc4 bxc4 17. Ba4 Rd6 18. Bxd7 Qxd7 19. Qe2 Qb7 20. Rfe1
h6 21. Bc1 Nd7 22. Qxc4 Rc8 23. Qb3 Qc6 24. Be3 Qxe4 25. Bxh6 Qf5 26. Bxg7
Kxg7 27. Qa4 Nc5 28. Qh4 Nd3 29. Re2 f6 30. Qg4 Nf4 31. Re3 Qxg4 32. hxg4
Rb6 33. Rb1 Nd5 34. Ree1 Rcb8 35. Rbd1 Nf4 36. b3 R6b7 37. g5 Rc7 38. c4 a5
39. gxf6+ exf6 40. Rd6 a4 41. g3 Nh5 42. Nd2 axb3 43. axb3 Kf7 44. Rb1 Ng7
45. b4 Nf5 46. Ra6 Rd8 47. Ra2 Nd6 48. Rc2 Ke6 49. b5 Nb7 50. Nb3 Rdc8 51.
c5 Nd6 52. b6 Rc6 53. Na5 Rxc5 54. Rxc5 Rxc5 55. b7 Nxb7 56. Nxb7 Rc2 57.
Rb6+ Kf5 58. Nd6+ Kg4 59. Kg2 f5 60. Nf7 f4 61. Nxe5+ Kf5 62. Nxg6 fxg3 63.
Kxg3 Rc1 64. Nh4+ Kg5 65. Rb5+ Kf6 66. f3 Kg7 67. Kf4 Rc8 68. Rb6 Kf7 69.
Nf5 Rc3 1-0

[Event "30th ch-BAN"]
[Site "Dhaka BAN"]
[Date "2004.03.28"]
[Round "1"]
[White "Alam,MdM"]
[Black "Rahman,Zia"]
[Result "0-1"]
[WhiteElo "2182"]
[BlackElo "2492"]
[EventDate "2004.03.28"]

1. d4 d6 2. c4 e5 3. d5 g6 4. Nc3 Bg7 5. Nf3 a5 6. e4 Nf6 7. Bd3 O-O 8. Bg5
h6 9. Bd2 Na6 10. Qe2 Nc5 11. Bc2 c6 12. h3 Bd7 13. Be3 cxd5 14. cxd5 Qb6
15. Rb1 Rfc8 16. O-O Qd8 17. Qd2 Kh7 18. Rfc1 b5 19. Bxc5 Rxc5 20. Bd3 Be8
21. Nd1 Nd7 22. Qe2 Qb6 23. Nc3 Nf6 24. Nd2 Nh5 25. Qe3 Bf6 26. Rd1 Bg5 27.
Qe1 Nf4 28. Bf1 b4 29. Ne2 Nd3 30. Nc4 Qa6 31. Rxd3 Qxc4 32. Ng3 Qxa2 33.
Rf3 Rac8 34. Ne2 Kg7 35. Qd1 Bb5 36. Kh2 Bxe2 37. Bxe2 Rc1 38. Rxc1 Rxc1
39. Qd3 Qa1 40. Qa6 Bf4+ 41. Rxf4 exf4 0-1

[Event "30th ch-BAN"]
[Site "Dhaka BAN"]
[Date "2004.03.28"]
[Round "1"]
[White "Islam,AP"]
[Black "Ahmed,SN"]
[Result "0-1"]
[WhiteElo "2149"]
[BlackElo "2280"]
[EventDate "2004.03.28"]

1. c4 Nf6 2. Nf3 e6 3. g3 b6 4. Bg2 Bb7 5. O-O c5 6. Nc3 Be7 7. Qc2 Nc6 8.
e3 O-O 9. d4 cxd4 10. exd4 d5 11. cxd5 Nb4 12. Qb3 Nbxd5 13. Ne5 Rc8 14.
Bg5 Nxc3 15. Bxb7 Ne2+ 16. Kh1 Nxd4 17. Qd3 Rc5 18. Bxf6 Bxf6 19. Ng4 Nf5
20. Qe2 Qe7 21. Nxf6+ Qxf6 22. Rac1 Qe7 23. Be4 Rfc8 24. Rcd1 g6 25. Rd2
Nd6 26. Bg2 Nc4 27. Rc2 Qf6 28. Rd1 Qe5 29. Bf3 Qxe2 30. Bxe2 Ne5 31. Rcd2
Kg7 32. f4 Nc4 33. Bxc4 Rxc4 34. Kg2 Rc2 35. Kf3 h5 36. h3 Kf6 37. g4 hxg4+
38. hxg4 g5 39. fxg5+ Kxg5 40. Rd7 Rxb2 41. Rxf7 Rc3+ 42. Ke4 Rxa2 43. Rh1
Rc5 44. Rhh7 Ra4+ 45. Ke3 Rc3+ 46. Kd2 Rg3 47. Rhg7+ Kh4 48. Rxa7 Rxa7 49.
Rxa7 Kxg4 50. Rf7 Rf3 51. Rb7 Rb3 52. Kc2 Rb5 53. Rf7 Kg5 54. Kd3 Rf5 55.
Rb7 b5 56. Ke4 Kf6 57. Kd4 Rf4+ 58. Ke3 Rf5 59. Kd4 Rh5 60. Ke4 Rh4+ 61.
Kd3 b4 62. Rb5 Rh3+ 63. Ke4 Ke7 64. Rb6 Kd7 65. Ke5 b3 66. Rb7+ Kc6 67. Rb8
Kc5 68. Rc8+ Kb4 69. Kxe6 Rh6+ 70. Kd5 Rb6 71. Rc4+ Ka3 0-1

[Event "30th ch-BAN"]
[Site "Dhaka BAN"]
[Date "2004.03.29"]
[Round "2"]
[White "Reefat,S"]
[Black "Ahmed,SN"]
[Result "1-0"]
[WhiteElo "2459"]
[BlackElo "2280"]
[EventDate "2004.03.28"]

1. e4 c5 2. Nc3 d6 3. Nf3 Nf6 4. d4 cxd4 5. Nxd4 a6 6. a4 e5 7. Nf3 Be7 8.
Bc4 O-O 9. O-O Bg4 10. h3 Be6 11. Qe2 Qc8 12. Nd5 Nxd5 13. Bxd5 Bxd5 14.
exd5 Nd7 15. a5 Qc5 16. c4 Rac8 17. b3 Qc7 18. Bb2 f5 19. Qc2 g6 20. Nd2
Bf6 21. Rfe1 e4 22. Bxf6 Rxf6 23. Qc3 Ne5 24. f3 Qc5+ 25. Qe3 exf3 26. Qxc5
Rxc5 27. Nxf3 Nxf3+ 28. gxf3 Rc7 29. Re8+ Kg7 30. Kf2 Rff7 31. Rd8 Rfd7 32.
Rxd7+ Rxd7 33. f4 Kh6 34. Re1 Kh5 35. Re6 Kh4 36. Kg2 Kh5 37. Kg3 g5 38.
fxg5 Kxg5 39. h4+ Kh5 40. Kf4 Rg7 41. Rxd6 1-0

[Event "30th ch-BAN"]
[Site "Dhaka BAN"]
[Date "2004.03.29"]
[Round "2"]
[White "Rahman,Zia"]
[Black "Islam,AP"]
[Result "1-0"]
[WhiteElo "2492"]
[BlackElo "2149"]
[EventDate "2004.03.28"]

1. Nf3 Nf6 2. c4 d6 3. d4 Nbd7 4. Nc3 e5 5. e4 c6 6. Be2 Be7 7. O-O O-O 8.
Re1 Qc7 9. Rb1 a6 10. d5 Nc5 11. Bf1 a5 12. b3 Bg4 13. Bb2 Nfd7 14. h3 Bh5
15. Rc1 Bg6 16. Nd2 Bg5 17. Rc2 f5 18. exf5 Rxf5 19. Nde4 Be7 20. dxc6 Qxc6
21. Rd2 Nxe4 22. Nxe4 Qb6 23. Ba3 Nc5 24. Bxc5 dxc5 25. Rd7 Kf8 26. Qd5 Rd8
27. Nxc5 Bf7 28. Rxd8+ Qxd8 29. Qxd8+ Bxd8 30. Nxb7 Bb6 31. c5 Bc7 32. Nd6
Rf4 33. Nb5 1-0

[Event "30th ch-BAN"]
[Site "Dhaka BAN"]
[Date "2004.03.29"]
[Round "2"]
[White "Abdulla,AlR"]
[Black "Alam,MdM"]
[Result "0-1"]
[WhiteElo "2417"]
[BlackElo "2182"]
[EventDate "2004.03.28"]

1. d4 Nf6 2. c4 g6 3. Nc3 Bg7 4. e4 d6 5. Nge2 O-O 6. Ng3 Nbd7 7. Be2 e5 8.
d5 a5 9. Bg5 h6 10. Be3 Ne8 11. O-O f5 12. exf5 gxf5 13. f4 e4 14. a4 b6
15. Ra3 Nc5 16. Kh1 Kh7 17. Rg1 Nf6 18. Bd4 Qe7 19. Qd2 Bd7 20. Nd1 Ne8 21.
Bf2 Bh8 22. Ne3 Qf6 23. Rb1 Ng7 24. Nc2 Qg6 25. Rba1 Rg8 26. Bd4 Qf7 27.
Qd1 Qe7 28. Bf2 Raf8 29. Nd4 Ne8 30. Nh5 Ng7 31. Ng3 Ne8 32. Qc2 Ng7 33.
Re1 Qe8 34. Nb5 Bxb5 35. axb5 Qg6 36. Bd4 Qf7 37. Qd2 Ne8 38. Bf2 Qg7 39.
b4 axb4 40. Qxb4 Qd7 41. Ra7 Nf6 42. h3 e3 43. Bxe3 Rxg3 44. Bxc5 dxc5 45.
Qb1 Re3 46. Bd3 Rxe1+ 47. Qxe1 Re8 48. Qb1 Ne4 49. g4 Nf2+ 50. Kg2 Nxd3 51.
Qxd3 Bd4 52. Qxf5+ Qxf5 53. gxf5 Re7 54. Kf3 Kg8 55. Rb7 Rd7 56. Kg4 Kf7
57. d6 Rxd6 58. Rxc7+ Kf8 59. Kh5 Bf6 60. Rc8+ Bd8 61. Kg4 Ke7 0-1

[Event "30th ch-BAN"]
[Site "Dhaka BAN"]
[Date "2004.03.29"]
[Round "2"]
[White "Hossain,P"]
[Black "Hossain,Enam"]
[Result "1/2-1/2"]
[WhiteElo "2258"]
[BlackElo "2446"]
[EventDate "2004.03.28"]

1. e4 c5 2. Nf3 Nc6 3. d4 cxd4 4. Nxd4 e5 5. Nb5 d6 6. N1c3 a6 7. Na3 b5 8.
Nd5 Nce7 9. c4 Nxd5 10. Qxd5 Be6 11. Qd3 Nf6 12. Be2 Be7 13. O-O b4 14. Nc2
a5 15. Bg5 O-O 16. a3 Rc8 17. b3 Nd7 18. Bxe7 Qxe7 19. axb4 axb4 20. Nxb4
Nc5 21. Nd5 Qb7 22. Qe3 Bxd5 23. cxd5 Qxb3 24. Qxb3 Nxb3 25. Ra6 Rfd8 26.
Bg4 Rb8 27. f3 Nc5 28. Ra3 g6 29. Raa1 Kf8 30. Rfb1 Rxb1+ 31. Rxb1 Ra8 32.
Bh3 Ke7 33. g3 Ra3 34. Bg2 f5 35. Rd1 Kf6 36. Rb1 Rb3 37. Rxb3 Nxb3 38. Kf2
f4 39. Bf1 Nd4 40. Bd3 h5 41. Ba6 fxg3+ 42. Kxg3 Kg5 43. h4+ Kf6 44. f4 Nb3
45. Be2 Nc5 46. Kf3 exf4 47. Kxf4 Nd7 48. Bb5 Ne5 49. Be2 Kf7 50. Bb5 Kg7
51. Be8 Kf8 52. Bb5 Ke7 53. Kg5 Kf7 54. Be2 Kg7 55. Kf4 Nf7 56. Bb5 Kf8 57.
Be2 Ke8 58. Bf1 Ke7 59. Bb5 Kd8 60. Ba4 Ke7 61. Bb5 Kf6 62. Be8 Ne5 63. Bb5
Kg7 1/2-1/2

[Event "30th ch-BAN"]
[Site "Dhaka BAN"]
[Date "2004.03.29"]
[Round "2"]
[White "Chatterjee,D"]
[Black "Abdul,Mal"]
[Result "1-0"]
[WhiteElo "2175"]
[BlackElo "2250"]
[EventDate "2004.03.28"]

1. d4 Nf6 2. c4 e6 3. Nc3 Bb4 4. e3 O-O 5. Nge2 b6 6. a3 Be7 7. Ng3 Ba6 8.
Be2 c6 9. e4 d6 10. O-O Nbd7 11. Be3 c5 12. d5 Ne5 13. b3 exd5 14. Nxd5
Nxd5 15. Qxd5 Qc7 16. f4 Bb7 17. Qd2 Ng6 18. Rad1 Rad8 19. Bd3 Rfe8 20. Qc2
Nf8 21. Nf5 Nd7 22. Bc1 Bf6 23. g4 Re6 24. g5 Bd4+ 25. Nxd4 cxd4 26. b4
Rde8 27. Rfe1 f5 28. gxf6 Nxf6 29. f5 Rxe4 30. Bxe4 Bxe4 31. Qf2 Re5 32.
Rxd4 h6 33. Bf4 Bb7 34. Bxe5 dxe5 35. Rd5 Qxc4 36. Rd8+ Kh7 37. Qg3 Ng4 38.
Rd7 Bc8 39. Qd3 Qxd3 40. Rxd3 Bxf5 41. Rf3 Kg6 42. h3 Nf6 43. Rxe5 Bc2 44.
Re7 a5 45. Rxf6+ gxf6 46. Rb7 axb4 47. axb4 Kg5 48. Rxb6 f5 49. Rc6 Bd3 50.
Rc5 Kf4 51. b5 Ke3 52. Rc3 f4 53. Rxd3+ Kxd3 54. Kf2 1-0

[Event "30th ch-BAN"]
[Site "Dhaka BAN"]
[Date "2004.03.29"]
[Round "2"]
[White "Uddin,S"]
[Black "Murshed,N"]
[Result "0-1"]
[WhiteElo "2254"]
[BlackElo "2436"]
[EventDate "2004.03.28"]

1. Nf3 d5 2. b3 Bg4 3. e3 e5 4. h3 Bxf3 5. Qxf3 Nf6 6. Bb2 Nbd7 7. Qd1 Bd6
8. Be2 Qe7 9. d3 O-O 10. Nd2 a5 11. a3 c6 12. O-O Rfd8 13. Re1 e4 14. d4
Nf8 15. c4 Ng6 16. c5 Bb8 17. Nf1 Nh4 18. Qd2 Ne8 19. Bc3 Bc7 20. b4 Qg5
21. bxa5 Qxg2+ 0-1

[Event "30th ch-BAN"]
[Site "Dhaka BAN"]
[Date "2004.03.30"]
[Round "3"]
[White "Abdul,Mal"]
[Black "Uddin,S"]
[Result "1/2-1/2"]
[WhiteElo "2250"]
[BlackElo "2254"]
[EventDate "2004.03.28"]

1. d4 Nf6 2. c4 e6 3. Nf3 b6 4. Nc3 Bb7 5. Qc2 Bb4 6. a3 Bxc3+ 7. Qxc3 O-O
8. Bg5 d6 9. g3 Nbd7 10. Bg2 h6 11. Bf4 Ne4 12. Qc2 f5 13. h4 Qe8 14. c5
bxc5 15. dxc5 Ndxc5 16. Rc1 e5 17. Be3 Rf7 18. g4 fxg4 19. Nh2 Nf6 20. Bxb7
Nxb7 21. Rg1 h5 22. Nf1 d5 23. Ng3 Nd6 24. Bg5 Nde4 25. Bxf6 Nxf6 26. Qg6
Rd7 27. Qg5 Rb8 28. Rc6 Rb6 29. Rxf6 Rxf6 30. Nxh5 Rg6 31. Qe3 Qe7 32. Qxa7
Qxh4 33. Ng3 Qg5 34. Kf1 Qc1+ 35. Kg2 Qxb2 36. Qa8+ Kh7 37. Rh1+ Rh6 38.
Rxh6+ gxh6 39. Qf8 Qc2 40. Nh5 Qe4+ 41. Kg3 Kg6 42. Qe8+ Rf7 43. Qe6+ Kxh5
44. Qxf7+ Kg5 45. Qg7+ Kh5 1/2-1/2

[Event "30th ch-BAN"]
[Site "Dhaka BAN"]
[Date "2004.03.30"]
[Round "3"]
[White "Hossain,Enam"]
[Black "Mohammad,J"]
[Result "1-0"]
[WhiteElo "2446"]
[BlackElo "2150"]
[EventDate "2004.03.28"]

1. e4 c5 2. Nf3 d6 3. d4 cxd4 4. Nxd4 Nf6 5. Nc3 Nc6 6. Bg5 e6 7. Qd2 a6 8.
O-O-O Nxd4 9. Qxd4 Be7 10. f3 b5 11. h4 Qa5 12. Kb1 b4 13. Ne2 e5 14. Qd2
Be6 15. Nc1 O-O 16. g4 Rfb8 17. Bxf6 Bxf6 18. g5 Be7 19. Bh3 Qc7 20. g6 h6
21. gxf7+ Bxf7 22. Bf5 a5 23. Rhg1 Kh8 24. Qg2 Bf6 25. Qg4 Qe7 26. Bd7 a4
27. Bc6 Be6 28. Qg2 Ra6 29. Bd5 Bxd5 30. Rxd5 Bxh4 31. Nd3 b3 32. a3 bxc2+
33. Qxc2 Qf7 34. Nb4 Rab6 35. Rd3 Qd7 36. Rgd1 Be7 37. Rd5 Rf8 38. R1d3 Rc8
39. Qd1 Qa7 40. Ka2 Rb7 41. Rd2 Rbc7 42. Qe2 Rc4 43. Rc2 Rxc2 44. Nxc2 Qb6
45. Qd3 Qf2 46. Nb4 h5 47. Qd1 h4 48. Rd2 Qg3 49. Rd3 Qg2 50. Qxa4 h3 51.
Qd7 Rc1 52. Qxe7 h2 53. Qe8+ Kh7 54. Qh5+ Kg8 55. Qe8+ Kh7 56. Qh5+ Kg8 57.
Rxd6 Rc8 58. Nd5 h1=Q 59. Ne7+ Kf8 60. Qf5+ 1-0

[Event "30th ch-BAN"]
[Site "Dhaka BAN"]
[Date "2004.03.30"]
[Round "3"]
[White "Alam,MdM"]
[Black "Hossain,P"]
[Result "0-1"]
[WhiteElo "2182"]
[BlackElo "2258"]
[EventDate "2004.03.28"]

1. d4 e6 2. c4 b6 3. Nc3 Bb7 4. Bf4 Ne7 5. e3 Ng6 6. Bg3 Bb4 7. Nf3 O-O 8.
Bd3 f5 9. Qc2 Bxf3 10. gxf3 Nh4 11. Bxh4 Qxh4 12. O-O-O a5 13. Kb1 Nc6 14.
Nb5 Rac8 15. a3 Be7 16. f4 Nd8 17. Nc3 Nf7 18. Qe2 Nd6 19. Qf3 c5 20. Na4
Bd8 21. d5 b5 22. cxb5 c4 23. Bc2 Qe7 24. Nc3 a4 25. dxe6 dxe6 26. Rd4 Bb6
27. Rd2 Ba5 28. Rhd1 Nxb5 29. Nxb5 Bxd2 30. Rxd2 c3 31. bxc3 Qc5 32. Qe2
Rb8 33. c4 Qxa3 34. Qd3 Qb4+ 35. Kc1 Rfc8 36. Na3 h6 37. Kd1 Kh7 38. Qd6
Rxc4 39. Nxc4 Qxc4 40. Bd3 Qb3+ 41. Bc2 Qc4 42. Qd3 Qb4 43. Qd4 Qb5 44. Rd3
a3 45. Rxa3 Qf1+ 46. Kd2 Qxf2+ 47. Kc1 Rc8 48. Qd2 Qf1+ 49. Kb2 Rb8+ 50.
Rb3 Ra8 51. Bb1 Qa6 52. e4 Qa1+ 53. Kc1 fxe4 54. Qc2 Ra4 55. Re3 Kg8 56.
Rxe4 Qa3+ 57. Kd1 Qf3+ 58. Qe2 Qh1+ 59. Kd2 Ra5 60. Bc2 Rd5+ 61. Bd3 Kf7
62. Rb4 Ra5 63. Bc4 Qc6 64. Rb3 Ra2+ 65. Ke3 Rxe2+ 66. Bxe2 Qc1+ 67. Kf2
Ke7 68. Re3 Kf6 69. h3 Qd2 70. Kf3 Qd5+ 71. Kg3 g5 72. fxg5+ Qxg5+ 73. Kf2
Qh4+ 74. Kg2 e5 75. Rf3+ Ke6 76. Re3 Kd5 77. Rd3+ Ke4 78. Rc3 Qe1 79. Bf3+
Kd4 80. Ra3 Qd2+ 81. Kg3 Qf4+ 82. Kg2 Qd2+ 83. Kg3 Qc2 84. Ra8 e4 85. Bg4
Qc7+ 86. Kg2 Ke3 87. Ra2 Qc5 88. Re2+ Kf4 89. Rf2+ Kg5 90. Re2 Qd5 91. Rf2
e3+ 92. Bf3 Qe5 93. Re2 Kf4 94. Bb7 Qg7+ 0-1

[Event "30th ch-BAN"]
[Site "Dhaka BAN"]
[Date "2004.03.30"]
[Round "3"]
[White "Ahmed,SN"]
[Black "Rahman,Zia"]
[Result "1/2-1/2"]
[WhiteElo "2280"]
[BlackElo "2492"]
[EventDate "2004.03.28"]

1. e4 g6 2. d4 Bg7 3. Nc3 d6 4. Nf3 Nf6 5. Be2 O-O 6. O-O a6 7. a4 e6 8. a5
Nc6 9. h3 b5 10. axb6 cxb6 11. Be3 Bb7 12. d5 exd5 13. Nxd5 Nxd5 14. exd5
Ne7 15. c4 Nf5 16. Bg5 Bf6 17. Bxf6 Qxf6 18. Ra3 Rab8 19. g4 Nh4 20. Nxh4
Qxh4 21. Qd4 Rfe8 22. Bd1 b5 23. cxb5 axb5 24. Kg2 Re5 25. Bf3 Rbe8 26. Ra5
h5 27. Rh1 Rc8 28. Rxb5 Ba6 29. Rb3 Rc4 30. Qd1 Rf4 31. Re1 hxg4 32. hxg4
Bc4 33. Rxe5 dxe5 34. Rb8+ Kg7 35. b3 Rd4 36. Qh1 Rxg4+ 37. Bxg4 Qxg4+ 38.
Kh2 Be2 39. Qg2 Qh4+ 40. Kg1 Qf4 41. Qg3 Qc1+ 42. Kh2 Qh6+ 43. Qh3 Qf4+ 44.
Qg3 Qh6+ 45. Kg2 Qh5 46. f3 Bd3 47. Re8 f6 48. d6 Qh6 49. Re7+ Kf8 50. f4
Be4+ 51. Kf2 exf4 52. Qc3 Qh2+ 53. Ke1 Qg1+ 54. Kd2 Qf2+ 55. Kc1 Qf1+ 56.
Kb2 Qe2+ 57. Kc1 Qf1+ 1/2-1/2

[Event "30th ch-BAN"]
[Site "Dhaka BAN"]
[Date "2004.03.31"]
[Round "4"]
[White "Reefat,S"]
[Black "Rahman,Zia"]
[Result "0-1"]
[WhiteElo "2459"]
[BlackElo "2492"]
[EventDate "2004.03.28"]

1. e4 g6 2. d4 Bg7 3. Nc3 c6 4. Nf3 d6 5. Be3 Nf6 6. Qd2 b5 7. Bd3 O-O 8.
Bh6 Bg4 9. Bxg7 Kxg7 10. Ng5 e5 11. dxe5 dxe5 12. h3 Bc8 13. Ne2 Nbd7 14.
a4 Nc5 15. axb5 cxb5 16. Qc3 Nxd3+ 17. cxd3 b4 18. Qxb4 h6 19. Nf3 Qxd3 20.
Ng3 a5 21. Qd2 Qb5 22. Qe2 Qb6 23. O-O-O Be6 24. Qe3 Qc6+ 25. Kb1 Rfb8 26.
Rd3 Qb5 27. Qd2 Qa4 0-1

[Event "30th ch-BAN"]
[Site "Dhaka BAN"]
[Date "2004.03.31"]
[Round "4"]
[White "Abdulla,AlR"]
[Black "Ahmed,SN"]
[Result "1-0"]
[WhiteElo "2417"]
[BlackElo "2280"]
[EventDate "2004.03.28"]

1. e4 c5 2. Nf3 d6 3. Bc4 e6 4. d3 Nf6 5. O-O Be7 6. Bb3 Nc6 7. Re1 O-O 8.
c3 Rb8 9. d4 e5 10. dxe5 dxe5 11. Qxd8 Bxd8 12. Bd5 Ne7 13. Be3 b6 14. c4
Nexd5 15. exd5 Nd7 16. Nc3 Ba6 17. b3 b5 18. cxb5 Bxb5 19. Rac1 Ba5 20. Bd2
Bxc3 21. Rxc3 f6 22. Be3 Rfc8 23. Rec1 Be2 24. Bxc5 a5 25. Nd2 Rb5 26. Ne4
f5 27. Ba3 Ra8 28. Rc8+ 1-0

[Event "30th ch-BAN"]
[Site "Dhaka BAN"]
[Date "2004.03.31"]
[Round "4"]
[White "Hossain,P"]
[Black "Islam,AP"]
[Result "1-0"]
[WhiteElo "2258"]
[BlackElo "2149"]
[EventDate "2004.03.28"]

1. Nf3 Nf6 2. g3 b5 3. Bg2 Bb7 4. O-O d6 5. a4 a6 6. c3 Nbd7 7. Na3 e6 8.
d4 Be7 9. Bf4 bxa4 10. Qxa4 O-O 11. Nc4 Nb6 12. Nxb6 cxb6 13. c4 Qc7 14.
Rfc1 Bc6 15. Qa3 Nh5 16. Be3 Qb7 17. d5 Bd7 18. dxe6 Bxe6 19. Nd4 d5 20.
Qb3 Rad8 21. Nxe6 fxe6 22. cxd5 exd5 23. Qxb6 Qxb6 24. Bxb6 Rb8 25. Bxd5+
Kh8 26. Bd4 Bf6 27. Bc3 Rb6 28. Bf3 Bg5 1-0

[Event "30th ch-BAN"]
[Site "Dhaka BAN"]
[Date "2004.03.31"]
[Round "4"]
[White "Mohammad,J"]
[Black "Alam,MdM"]
[Result "1-0"]
[WhiteElo "2150"]
[BlackElo "2182"]
[EventDate "2004.03.28"]

1. e4 e6 2. d4 d5 3. Nc3 Bb4 4. e5 Qd7 5. a3 Bxc3+ 6. bxc3 b6 7. Qg4 f5 8.
Qh5+ Qf7 9. Qf3 Ba6 10. Ne2 Nc6 11. h4 Nge7 12. h5 h6 13. Nf4 Bxf1 14. Kxf1
Na5 15. Rh3 O-O 16. Rg3 Kh8 17. Ng6+ Nxg6 18. hxg6 Qe7 19. Bxh6 gxh6 20.
g7+ Kh7 21. gxf8=Q Rxf8 22. Qf4 Nc6 23. Ke2 Nd8 24. Qxh6+ 1-0

[Event "30th ch-BAN"]
[Site "Dhaka BAN"]
[Date "2004.03.31"]
[Round "4"]
[White "Chatterjee,D"]
[Black "Hossain,Enam"]
[Result "0-1"]
[WhiteElo "2175"]
[BlackElo "2446"]
[EventDate "2004.03.28"]

1. d4 d5 2. c4 c6 3. Nf3 Nf6 4. Nc3 dxc4 5. a4 Bf5 6. e3 e6 7. Bxc4 Bb4 8.
O-O O-O 9. Qe2 Bg6 10. Ne5 Nbd7 11. Nxg6 hxg6 12. Na2 Be7 13. Rd1 Nb6 14.
Bb3 Qc7 15. e4 e5 16. dxe5 Qxe5 17. Nc3 Bc5 18. Be3 Nbd7 19. f3 g5 20. Kh1
Rad8 21. Rd2 Bxe3 22. Qxe3 Nc5 23. Rxd8 Rxd8 24. Rd1 Rxd1+ 25. Bxd1 a5 26.
Qd2 Nfd7 27. Ne2 g6 28. Kg1 g4 29. fxg4 Qxe4 30. Qd4 Qe7 31. g3 Ne6 32. Qe3
Qb4 33. Qc3 Qb6+ 34. Kg2 Ndc5 35. Nf4 Ne4 36. Qc2 Nxf4+ 37. gxf4 Qe3 38.
Qe2 Qxf4 39. Bc2 Nf6 40. h3 Nd5 41. Bb3 Ne3+ 42. Kh1 Qg3 0-1

[Event "30th ch-BAN"]
[Site "Dhaka BAN"]
[Date "2004.03.31"]
[Round "4"]
[White "Uddin,S"]
[Black "Hasan,M"]
[Result "1-0"]
[WhiteElo "2254"]
[BlackElo "2224"]
[EventDate "2004.03.28"]

1. Nf3 d5 2. b3 Nf6 3. Bb2 c6 4. e3 Bg4 5. Be2 e6 6. h3 Bh5 7. g4 Bg6 8.
Ne5 Nbd7 9. Nxg6 hxg6 10. d3 Qa5+ 11. Qd2 Bb4 12. c3 Bd6 13. b4 Qb6 14. Qc2
a5 15. a3 axb4 16. axb4 Rxa1 17. Bxa1 c5 18. bxc5 Nxc5 19. Nd2 Ke7 20. Kf1
Ra8 21. Kg2 Bb8 22. Rb1 Qc7 23. Nf1 Kf8 24. c4 dxc4 25. Qxc4 Ra4 26. Qc2
Ra7 27. Bd4 Nfd7 28. Bxc5+ Qxc5 29. Qxc5+ Nxc5 30. d4 Na4 31. Rc1 Nb6 32.
Bf3 Ke7 33. Nd2 Nd5 34. Rb1 Bc7 35. Bxd5 exd5 36. Rb5 Kd6 37. Nf3 b6 38.
Ne5 Bd8 39. Kf3 g5 40. Rb3 Rb7 41. Ke2 f6 42. Nd3 Be7 43. f3 Kc6 44. e4 b5
45. Rc3+ Kb6 46. Rc8 b4 47. Kd2 Kb5 48. Kc2 dxe4 49. fxe4 Rd7 50. d5 Bd6
51. Kb3 Ra7 52. Nxb4 Ra1 53. Nc6 Ra3+ 54. Kc2 Rxh3 55. Nd4+ Kb4 56. Nf5
Rh2+ 57. Kd3 Bf4 58. Rc4+ Kb5 59. Nd4+ Kb6 60. d6 Rh3+ 61. Kc2 Rh2+ 62. Kc3
Rh3+ 63. Kc2 Rh2+ 64. Kb3 Rh3+ 65. Ka4 Rh4 66. Rc6+ Kb7 67. Kb5 Rh1 68.
Rc7+ Ka8 69. Rc8+ Kb7 70. Rc7+ Ka8 71. Nc6 Rb1+ 72. Kc4 Rc1+ 73. Kd5 Rd1+
74. Kc4 Be3 75. d7 Bb6 76. Rc8+ Kb7 77. d8=Q Bxd8 78. Rxd8 Rc1+ 79. Kd5
Rxc6 80. Rg8 Rc7 81. Kd6 Rc6+ 82. Ke7 Rc7+ 83. Kf8 Rc3 84. Kxg7 Rg3 85.
Kxf6 Rxg4 86. e5 Rf4+ 87. Kxg5 Rf1 88. Rd8 Kc7 89. Rd2 Rf3 90. e6 Rf1 91.
e7 Rg1+ 92. Kf6 Rf1+ 93. Ke6 Re1+ 94. Kf7 Rf1+ 95. Ke8 Ra1 96. Rd7+ Kc6 97.
Rd8 Rf1 98. Rc8+ Kb7 99. Rc4 Rf2 100. Kd7 1-0

[Event "30th ch-BAN"]
[Site "Dhaka BAN"]
[Date "2004.04.01"]
[Round "5"]
[White "Hasan,M"]
[Black "Murshed,N"]
[Result "1-0"]
[WhiteElo "2224"]
[BlackElo "2436"]
[EventDate "2004.03.28"]

1. e4 d6 2. d4 g6 3. Nc3 Bg7 4. Be3 c6 5. Qd2 b5 6. f3 a6 7. Nge2 Nd7 8. g4
h5 9. g5 e6 10. h4 Ne7 11. Ng3 d5 12. e5 Nb6 13. Kf2 Bd7 14. a4 b4 15. Nd1
a5 16. b3 Bc8 17. Nb2 Nd7 18. f4 Bb7 19. Be2 Nc8 20. Rhf1 Qc7 21. Nd3 Ncb6
22. Rac1 Bf8 23. c3 bxc3 24. Qxc3 Be7 25. Kg1 Nb8 26. f5 gxf5 27. Bxh5 N6d7
28. Nf4 Nf8 29. g6 fxg6 30. Nxg6 Nxg6 31. Bxg6+ Kd8 32. h5 Nd7 33. Ne2 Nf8
34. Nf4 Qd7 35. Rf2 Kc7 36. Rg2 Ba3 37. Ra1 Bb4 38. Qc2 Ba6 39. Bd2 Qe7 40.
Rc1 Bb7 41. Bxf5 Kb6 42. Bxb4 Qxb4 43. Qc5+ Qxc5 44. dxc5+ Kc7 45. Bg4 Rh6
46. Kf2 Bc8 47. Ke3 Rb8 48. Bd1 Nd7 49. Rg7 Rb4 50. Ng6 Kb8 51. Kf2 Re4 52.
Bf3 Rb4 53. Rg8 Kc7 54. Ne7 Ba6 55. Rg6 Rh7 56. Rxe6 Bb7 57. Nxd5+ cxd5 58.
c6 Rf7 59. cxd7+ Kd8 60. Rf6 Rxf6 61. exf6 Kxd7 62. h6 Rh4 63. Rh1 1-0

[Event "30th ch-BAN"]
[Site "Dhaka BAN"]
[Date "2004.04.01"]
[Round "5"]
[White "Hossain,Enam"]
[Black "Uddin,S"]
[Result "1-0"]
[WhiteElo "2446"]
[BlackElo "2254"]
[EventDate "2004.03.28"]

1. e4 c5 2. Nf3 Nc6 3. d4 cxd4 4. Nxd4 Nf6 5. Nc3 d6 6. Bg5 e6 7. Qd2 Be7
8. O-O-O Nxd4 9. Qxd4 O-O 10. f4 Qa5 11. Bc4 Bd7 12. e5 dxe5 13. fxe5 Bc6
14. h4 Rfd8 15. Qf4 Nh5 16. Qg4 Bxg5+ 17. Qxg5 g6 18. Bd3 h6 19. Qe3 Ng7
20. Rhe1 h5 21. Qg5 Rd4 22. Be2 Rad8 23. g4 hxg4 24. Bxg4 R8d7 25. Rxd4
Rxd4 26. Rg1 Qd8 27. Qe3 Rb4 28. h5 Qh4 29. Be2 Nxh5 30. a3 Rb6 31. Bxh5
Qxh5 32. Qf4 Qf5 33. Qd4 Kg7 34. b4 f6 35. exf6+ Qxf6 36. Qc5 Be8 37. b5
Bf7 38. a4 e5 39. Kb2 Re6 40. Qxa7 b6 41. Ne4 Qd8 42. Re1 Re7 43. Qa6 Bd5
44. Rd1 Rd7 45. Nc3 Be6 46. Rxd7+ Bxd7 47. Qb7 Kh6 48. Qh1+ Kg7 49. Qb7 Kh6
50. Qe4 Qc7 51. Nd5 Qd6 52. c4 Bf5 53. Qh4+ Kg7 54. Qe7+ Qxe7 55. Nxe7 Bh3
56. Kc3 g5 57. a5 bxa5 58. c5 Kf7 59. b6 Bg2 60. c6 Kxe7 61. b7 1-0

[Event "30th ch-BAN"]
[Site "Dhaka BAN"]
[Date "2004.04.01"]
[Round "5"]
[White "Alam,MdM"]
[Black "Chatterjee,D"]
[Result "1/2-1/2"]
[WhiteElo "2182"]
[BlackElo "2175"]
[EventDate "2004.03.28"]

1. d4 d6 2. c4 e5 3. d5 f5 4. Nc3 Nf6 5. Qc2 Be7 6. Nf3 a5 7. e4 fxe4 8.
Nxe4 Nxe4 9. Qxe4 Na6 10. Be3 O-O 11. Qc2 Bf5 12. Qb3 b6 13. Be2 Nc5 14.
Qc3 Bf6 15. O-O Qe7 16. Rfd1 Bg4 17. Qc2 Rae8 18. Ne1 Bxe2 19. Qxe2 e4 20.
Rab1 Bg5 21. b3 Bxe3 22. Qxe3 Qf6 23. Rd2 Qf5 24. Nc2 Qg6 25. Qg3 Qxg3 26.
hxg3 Rf6 27. Re2 Nd3 28. Nd4 Ref8 29. Rf1 R8f7 30. Ne6 h6 31. g4 g5 32. g3
Ne5 33. Nd8 Rf8 34. Ne6 R8f7 35. Nd4 Nxg4 36. Rxe4 Nxf2 37. Re8+ Kh7 38.
Kg2 Ng4 39. Rxf6 Nxf6 40. Rc8 Re7 41. Nf5 Rd7 42. Nd4 Re7 43. Nf5 Rf7 44.
Nd4 Re7 45. Nf5 1/2-1/2

[Event "30th ch-BAN"]
[Site "Dhaka BAN"]
[Date "2004.04.01"]
[Round "5"]
[White "Islam,AP"]
[Black "Mohammad,J"]
[Result "1/2-1/2"]
[WhiteElo "2149"]
[BlackElo "2150"]
[EventDate "2004.03.28"]

1. e4 c5 2. Nf3 e6 3. g3 d5 4. Nc3 d4 5. Ne2 Nc6 6. d3 e5 7. Bg2 Nf6 8. O-O
Be7 9. h3 O-O 10. Nh2 Nd7 11. f4 exf4 12. gxf4 f5 13. Ng3 g6 14. exf5 gxf5
15. Nxf5 Rxf5 16. Qg4+ Kh8 17. Qxf5 Nf6 18. Qg5 Ne4 19. Qh6 Bf8 20. Qh5 Ng3
21. Qf7 Nxf1 22. Nxf1 Bd7 23. Bd2 Qc8 24. Qh5 Be8 25. Qg5 Be7 26. Qh6 Bg6
27. Re1 Qd7 28. Ng3 Nd8 29. Nh5 Ne6 30. Rxe6 Bf8 31. Rxg6 Bxh6 32. Rxh6 Rg8
33. Nf6 Rxg2+ 34. Kxg2 Qc6+ 35. Kg3 Kg7 36. Rxh7+ Kg6 37. f5+ Kxf5 38. Rh5+
Kg6 39. Rh6+ Kf7 40. Rh7+ Kg6 41. Rh6+ Kf7 42. Rh7+ Kg6 1/2-1/2